ბათუმის შოთა რუსთაველის სახელმწიფო უნივერსიტეტის ბიბლიოთეკა

გენეტიკა (ბიბ.ჩანაწერი № 44491)

000 -LEADER
fixed length control field 01108nam a2200229Ia 4500
001 - CONTROL NUMBER
control field 11289
003 - CONTROL NUMBER IDENTIFIER
control field GE_BSU
008 - FIXED-LENGTH DATA ELEMENTS--GENERAL INFORMATION
fixed length control field 181216s||||||||xx |||||||||||||| ||und||
040 ## - CATALOGING SOURCE
Transcribing agency GE_BSU
080 ## - UNIVERSAL DECIMAL CLASSIFICATION NUMBER
Universal Decimal Classification number 575(075.8)
100 ## - MAIN ENTRY--PERSONAL NAME
Personal name გულიაევი გ.
245 ## - TITLE STATEMENT
Title გენეტიკა
245 ## - TITLE STATEMENT
Remainder of title სახელმძღვ. სას-სამ. უმაღლესი სასწავლებლ. აგრონომიული სპეციალობის სტუდენტებისათვის
245 ## - TITLE STATEMENT
Statement of responsibility, etc. რედ: ლ. შარაშენიძე მთარგმნ. პ. ნასყიდაშვილი, ნ. ჯიბუტი
260 ## - PUBLICATION, DISTRIBUTION, ETC.
Place of publication, distribution, etc. თბილისი
260 ## - PUBLICATION, DISTRIBUTION, ETC.
Name of publisher, distributor, etc. განათლება.
260 ## - PUBLICATION, DISTRIBUTION, ETC.
Date of publication, distribution, etc. 1989
300 ## - PHYSICAL DESCRIPTION
Extent 457გვ.22სმ.
300 ## - PHYSICAL DESCRIPTION
Accompanying material ილ.ცხრ.
653 ## - INDEX TERM--UNCONTROLLED
Uncontrolled term სახელმძღვ. სას-სამ. უმაღლესი სასწავლებლ. აგრონომიული სპეციალობის სტუდენტებისათვის
942 ## - ADDED ENTRY ELEMENTS (KOHA)
Koha item type წიგნი
ეგზემპლარები
Withdrawn status Lost status Damaged status Not for loan Date acquired Barcode Date last seen Price effective from Koha item type
        2018-12-17 19403 2018-12-17 2018-12-17 წიგნი
        2018-12-17 19404 2018-12-17 2018-12-17 წიგნი
        2018-12-17 19405 2018-12-17 2018-12-17 წიგნი
        2018-12-17 19406 2018-12-17 2018-12-17 წიგნი
        2018-12-17 19407 2018-12-17 2018-12-17 წიგნი
        2018-12-17 19408 2018-12-17 2018-12-17 წიგნი
        2018-12-17 19409 2018-12-17 2018-12-17 წიგნი
        2018-12-17 19410 2018-12-17 2018-12-17 წიგნი
        2018-12-17 19411 2018-12-17 2018-12-17 წიგნი
        2018-12-17 19413 2018-12-17 2018-12-17 წიგნი
        2018-12-17 19414 2018-12-17 2018-12-17 წიგნი
        2018-12-17 19415 2018-12-17 2018-12-17 წიგნი
        2018-12-17 19416 2018-12-17 2018-12-17 წიგნი
        2018-12-17 19417 2018-12-17 2018-12-17 წიგნი
        2018-12-17 19418 2018-12-17 2018-12-17 წიგნი
        2018-12-17 19419 2018-12-17 2018-12-17 წიგნი
        2018-12-17 19420 2018-12-17 2018-12-17 წიგნი
        2018-12-17 19421 2018-12-17 2018-12-17 წიგნი
        2018-12-17 19422 2018-12-17 2018-12-17 წიგნი
        2018-12-17 19423 2018-12-17 2018-12-17 წიგნი
        2018-12-17 19424 2018-12-17 2018-12-17 წიგნი
        2018-12-17 19425 2018-12-17 2018-12-17 წიგნი
        2018-12-17 19426 2018-12-17 2018-12-17 წიგნი
        2018-12-17 19427 2018-12-17 2018-12-17 წიგნი
        2018-12-17 19428 2018-12-17 2018-12-17 წიგნი
        2018-12-17 19429 2018-12-17 2018-12-17 წიგნი
        2018-12-17 19430 2018-12-17 2018-12-17 წიგნი
        2018-12-17 19431 2018-12-17 2018-12-17 წიგნი
        2018-12-17 19432 2018-12-17 2018-12-17 წიგნი
        2018-12-17 19433 2018-12-17 2018-12-17 წიგნი
        2018-12-17 19434 2018-12-17 2018-12-17 წიგნი
        2018-12-17 19402 2018-12-17 2018-12-17 წიგნი